<?xml version="1.0" encoding="UTF-8"?>
<record
    xmlns:xsi="http://www.w3.org/2001/XMLSchema-instance"
    xsi:schemaLocation="http://www.loc.gov/MARC21/slim http://www.loc.gov/standards/marcxml/schema/MARC21slim.xsd"
    xmlns="http://www.loc.gov/MARC21/slim">

  <leader>00786nam a22002297a 4500</leader>
  <controlfield tag="003">OSt</controlfield>
  <controlfield tag="005">20260505170830.0</controlfield>
  <controlfield tag="008">260505b        |||||||| |||| 00| 0 eng d</controlfield>
  <datafield tag="020" ind1=" " ind2=" ">
    <subfield code="a">9789719809302</subfield>
  </datafield>
  <datafield tag="040" ind1=" " ind2=" ">
    <subfield code="c">HS LRC</subfield>
  </datafield>
  <datafield tag="050" ind1=" " ind2=" ">
    <subfield code="a">NX 280 </subfield>
    <subfield code="b">.T65 2018</subfield>
  </datafield>
  <datafield tag="100" ind1=" " ind2=" ">
    <subfield code="a">Devilles. Gary C.</subfield>
    <subfield code="9">131687</subfield>
  </datafield>
  <datafield tag="245" ind1=" " ind2=" ">
    <subfield code="a">Art sense :</subfield>
    <subfield code="b">sensing the arts in the everyday /</subfield>
    <subfield code="c">Gary C. Devilles, Reagan R. Maiques, Rolando B. Tolentino </subfield>
  </datafield>
  <datafield tag="260" ind1=" " ind2=" ">
    <subfield code="a">Quezon City :</subfield>
    <subfield code="b">C&amp;E Publishing, </subfield>
    <subfield code="c">c2018.</subfield>
  </datafield>
  <datafield tag="300" ind1=" " ind2=" ">
    <subfield code="a">xi, 313 p. : </subfield>
    <subfield code="b">col. ill. ; </subfield>
    <subfield code="c">22 cm. </subfield>
  </datafield>
  <datafield tag="365" ind1=" " ind2=" ">
    <subfield code="b">378.00</subfield>
  </datafield>
  <datafield tag="504" ind1=" " ind2=" ">
    <subfield code="a">includes appendices, bibliography and index. </subfield>
  </datafield>
  <datafield tag="650" ind1=" " ind2=" ">
    <subfield code="a">Art appreciation </subfield>
    <subfield code="x">Study and teaching. </subfield>
    <subfield code="9">131688</subfield>
  </datafield>
  <datafield tag="700" ind1=" " ind2=" ">
    <subfield code="a">Maiques, Reagan R. </subfield>
    <subfield code="e">Author</subfield>
    <subfield code="9">131689</subfield>
  </datafield>
  <datafield tag="700" ind1=" " ind2=" ">
    <subfield code="a">Tolentino, Rolando B.</subfield>
    <subfield code="e">Auhor</subfield>
  </datafield>
  <datafield tag="942" ind1=" " ind2=" ">
    <subfield code="2">lcc</subfield>
    <subfield code="c">BK</subfield>
  </datafield>
  <datafield tag="952" ind1=" " ind2=" ">
    <subfield code="0">0</subfield>
    <subfield code="1">0</subfield>
    <subfield code="2">lcc</subfield>
    <subfield code="4">0</subfield>
    <subfield code="7">0</subfield>
    <subfield code="8">FRC</subfield>
    <subfield code="a">DLSU-D HS</subfield>
    <subfield code="b">DLSU-D HS</subfield>
    <subfield code="c">FC</subfield>
    <subfield code="d">2025-06-24</subfield>
    <subfield code="e">HS LRC SY 2024-2025</subfield>
    <subfield code="g">378.00</subfield>
    <subfield code="i">FRC-002591</subfield>
    <subfield code="l">0</subfield>
    <subfield code="o">NX 280  .T65 2018</subfield>
    <subfield code="p">3HS00000002591</subfield>
    <subfield code="r">2026-05-05 17:08:24</subfield>
    <subfield code="t">002591</subfield>
    <subfield code="v">378.00</subfield>
    <subfield code="w">2026-05-05</subfield>
    <subfield code="y">BK</subfield>
  </datafield>
  <datafield tag="999" ind1=" " ind2=" ">
    <subfield code="c">94106</subfield>
    <subfield code="d">94106</subfield>
  </datafield>
</record>
